Statistiques concernant Qui est ce combattant MMA ?

Cliquez ici pour prendre le quiz!

Statistiques générales

  • Ce quiz a été pris 292 fois
  • Le résultat moyen est 14 sur 24

Statistiques - réponses

Réponse% Correct
Cedric Doumbè
98%
Alex Pereira
87%
Benoît Saint-Denis
87%
Anderson Silva
82%
Jose Aldo
77%
Tony Ferguson
76%
Justin Gaethje
75%
Demetrious Johnson
72%
Nassourdine Imavov
70%
Michael Chandler
69%
Salahdine Parnasse
69%
Michael Venom Page
68%
Shavkat Rakhmonov
63%
Brandon Moreno
57%
Stipe Miocic
55%
Bo Nickal
43%
Patrick Habirora
43%
Chael Sonnen
38%
B.J. Penn
35%
Dominick Reyes
29%
Robbie Lawler
28%
Randy Couture
25%
Robelis Despaigne
21%
Matt Hugues
14%

Distribution des résultats

Percentile par nombre de réponses

% des personnes avec chaque résultat

Votre développement - résultats

Vous n’avez pas pris ce quiz